000 00420nam a2200169Ia 4500
001 17484
003 IN-NITTTR
005 20251114233205.0
008 251113s9999||||xx |||||||||||||| ||eng||
040 _beng
040 _cIN-NITTTR
041 _aeng
082 _a005.1 J825P
100 _aJourdain, Robert
245 0 _aProgrammers' problems solver for the IBM PC, XT and AT /
_cJourdain, Robert
942 _2ddc
_cBK
999 _c20118
_d20118